Puppet On A String - Sandie Shaw (All Lyrics) - Statistics

General Stats
  • This quiz has been taken 6 times
  • The average score is 163 of 194
Answer Stats
Answer % Correct
a
100%
be
100%
I
100%
I'll
100%
Like
100%
like
100%
love
100%
Love
100%
me
100%
on
100%
on?
100%
puppet
100%
string
100%
String
100%
that
100%
the
100%
there
100%
you
100%
You'll
100%
all
83%
care
83%
day
83%
gladly
83%
go-
83%
if
83%
If
83%
is
83%
just
83%
Just
83%
madly
83%
one
83%
One
83%
say
83%
to?
83%
wonder
83%
air
67%
gone?
67%
I'm
67%
in
67%
In
67%
round
67%
Then
67%
up
67%
will
67%
Are
50%
fun
50%
ground
50%
it
50%
leading
50%
merry-
50%
of
50%
Tomorrow
50%
win
50%
With
50%
with
50%
But
33%
down
33%
fair
33%
lose
33%
may
33%
never
33%
or
33%
out,
33%
strings
33%
doubt
17%
feeling
17%
pulling
17%
roundabout
17%
swings
17%
tied
17%
where's
17%
who's
17%
No matching quizzes found
Score Distribution
Percent of People with Each Score
Percentile by Number Answered
Your Score History
You have not taken this quiz